000 00703cab a2200229 4500
001 WB2608-04
008 090401t1990 xxu||||| |||| 00| 0 eng d
035 _a(Sirsi) u20303
041 _aeng
245 _aProperty slump warning
260 _c1990
350 _a0
490 _aIndependent
_v19/2/90 p7
520 _aAlthough a few of the property companies quoted on the stock exchange are expected to become victims of the current property slump , most will ride out the current problems.
650 _aFORECAST
650 _aKENTISH PROPERTIES
650 _aPROPERTY MARKET CRASH
650 _aRECESSION
690 _aPROPERTY-COMMERCIAL PROPERTY
942 _n0
948 _c04/03/1997
999 _c13602
_d13602